|
|
|
|
| LEADER |
00000naa2a2200000 4500 |
| 001 |
604056 |
| 005 |
20260205135918.0 |
| 035 |
|
|
|a (RuTPU)RU\TPU\conf\1307
|
| 035 |
|
|
|a RU\TPU\conf\1306
|
| 090 |
|
|
|a 604056
|
| 100 |
|
|
|a 20140219d2013 k y0rusy50 ca
|
| 101 |
0 |
|
|a rus
|
| 102 |
|
|
|a RU
|
| 135 |
|
|
|a drnn ---uucaa
|
| 181 |
|
0 |
|a i
|
| 182 |
|
0 |
|a b
|
| 200 |
1 |
|
|a Исследование электрических и механических свойств изоляции современных эмалированных проводов
|f Е. Ю. Солдатенко, А. П. Леонов, М. С. Ухов
|
| 203 |
|
|
|a Текст
|c электронный
|
| 225 |
1 |
|
|a Эффективность электроэнергетических установок и систем
|
| 300 |
|
|
|a Заглавие с титульного экрана
|
| 320 |
|
|
|a [Библиогр.: с. 166 (3 назв.)]
|
| 337 |
|
|
|a Adobe Reader
|
| 461 |
|
1 |
|0 (RuTPU)RU\TPU\conf\562
|t Энергетика: эффективность, надежность, безопасность
|o сборник трудов XIX Всероссийской научно-технической конференции, 4-6 декабря 2013 г., Томск
|o в 2 т.
|f Национальный исследовательский Томский политехнический университет (ТПУ) [и др.]
|d 2013
|
| 463 |
|
1 |
|0 (RuTPU)RU\TPU\conf\563
|t Т. 1
|f под ред. В. В. Литвака [и др.]
|v [С. 165-166]
|d 2013
|
| 610 |
1 |
|
|a труды учёных ТПУ
|
| 610 |
1 |
|
|a электронный ресурс
|
| 610 |
1 |
|
|a электрические свойства
|
| 610 |
1 |
|
|a механические свойства
|
| 610 |
1 |
|
|a изоляция
|
| 610 |
1 |
|
|a эмалированные провода
|
| 610 |
1 |
|
|a обмоточные провода
|
| 700 |
|
1 |
|a Солдатенко
|b Е. Ю.
|c специалист в области электротехники
|c инженер Томского политехнического университета
|g Евгений Юрьевич
|3 (RuTPU)RU\TPU\pers\31862
|
| 701 |
|
1 |
|a Леонов
|b А. П.
|c специалист в области электротехники
|c доцент Томского политехнического университета, кандидат технических наук
|f 1974-
|g Андрей Петрович
|3 (RuTPU)RU\TPU\pers\27883
|9 12899
|
| 701 |
|
1 |
|a Ухов
|b М. С.
|
| 712 |
0 |
2 |
|a Национальный исследовательский Томский политехнический университет
|c (2009- )
|9 26305
|
| 801 |
|
2 |
|a RU
|b 63413507
|c 20150402
|g RCR
|
| 850 |
|
|
|a 63413507
|
| 856 |
4 |
|
|u http://www.lib.tpu.ru/fulltext/c/2013/C15/V1/056.pdf
|
| 942 |
|
|
|c CF
|